| 000 | 00480cam a2200193ua 4500 | ||
|---|---|---|---|
| 001 | 1619 | ||
| 008 | 110713n ii |||gr||||Z||||||eng | ||
| 020 | _a0-415-13481-1 | ||
| 040 | _cMAIN | ||
| 082 | _a330.092 | ||
| 100 |
_aPressman, Steven, _eAuthor. |
||
| 245 | 1 |
_aFifty great economists _cby Steven Pressman |
|
| 250 | _a1st. | ||
| 260 |
_aChennai: _bRoutledge, _c2004. |
||
| 300 |
_axi; 206p: _c23cm. |
||
| 653 | _aEconomics | ||
| 653 | _afifty great economists | ||
| 942 | _cBK | ||
| 999 |
_c1506 _d1506 |
||